00293nam a2200121Ia 4500003000400000008004100004040001600045082002200061100002400083245004900107300001000156490000500166GCL140319s9999 xx 000 0 ara d aGCL / cGCL04aطb920.71bف ح1 aفاروق يوسف10aحى بن يقظان / cفاروق يوسف a47 ص a